Modernidad e identidad del yo : (Record no. 10707)

MARC details
000 -LEADER
fixed length control field 00666nam a22002057a 4500
001 - CONTROL NUMBER
control field 034835
005 - DATE AND TIME OF LATEST TRANSACTION
control field 20250327085206.0
008 - FIXED-LENGTH DATA ELEMENTS--GENERAL INFORMATION
fixed length control field 250219b ||||| |||| 00| 0 spa d
020 ## - INTERNATIONAL STANDARD BOOK NUMBER
International Standard Book Number 84-297-3784-7
082 ## - DEWEY DECIMAL CLASSIFICATION NUMBER
Edition number 14
Classification number 302
100 1# - MAIN ENTRY--PERSONAL NAME
Personal name Giddens, Anthony
9 (RLIN) 655
245 10 - TITLE STATEMENT
Title Modernidad e identidad del yo :
Remainder of title el yo y la sociedad en la época contemporánea /
Statement of responsibility, etc Anthony Giddens
260 ## - PUBLICATION, DISTRIBUTION, ETC. (IMPRINT)
Place of publication, distribution, etc Barcelona:
Name of publisher, distributor, etc Península,
Date of publication, distribution, etc 1994
300 ## - PHYSICAL DESCRIPTION
Extent 299 p.
440 ## - SERIES STATEMENT/ADDED ENTRY--TITLE
Title Ideas
9 (RLIN) 17627
Number of part/section of a work 30
650 17 - SUBJECT ADDED ENTRY--TOPICAL TERM
Topical term or geographic name as entry element SOCIOLOGIA
9 (RLIN) 693
Source of heading or term unescot
650 12 - SUBJECT ADDED ENTRY--TOPICAL TERM
Topical term or geographic name as entry element SOCIEDAD CONTEMPORÁNEA
9 (RLIN) 3789
Source of heading or term unescot
942 ## - ADDED ENTRY ELEMENTS (KOHA)
Item type Libro, folleto, traducción
Source of classification or shelving scheme Dewey Decimal Classification
980 ## - EQUIVALENCE OR CROSS-REFERENCE-SERIES STATEMENT--PERSONAL NAME/TITLE [LOCAL, CANADA]
Linkage 19226
Personal name Palazón Marcela I.
Field link and sequence number 2
Miscellaneous information Virginia Figueroa
Holdings
Withdrawn status Lost status Source of classification or shelving scheme Damaged status Not for loan Home library Current library Date acquired Full call number Barcode Date last seen Copy number Price effective from Koha item type
    Dewey Decimal Classification     Biblioteca Central Biblioteca Central 19/02/2025 302 GID UNAJ25020109 19/02/2025 1 19/02/2025 Libro, folleto, traducción

Lunes a Viernes 8:30 a 19:00 hs. Cerrado por mudanza
Av.Calchaqui 6200 Florencio Varela (CP188) 2°piso Edificio Mosconi Aula 209-210
Mail: bibliotecacentralunaj@gmail.com  
Whatsapp(54 9)1122668024    ❔Pregunte a la bibliotecaria
© Universidad Nacional Arturo Jauretche | Secretaría Académica | Biblioteca Central UNAJ